000 01134nam a2200181 a 4500
008 120416s0000 ||||||||||||||||| || u
020 _a0521485738
050 _aQA 321.5 Amb
100 _aAmbrosetti, Antonio
245 1 2 _aA primer of linear analysis
260 _aCambridge
_bThe University Press
_c1993
350 _a0.00
995 _aANNEX COLLECTION (Main Library)
_D0.00
_e727792
_FCBU-MAIN LIBRARY (Kitwe)
_H2
_I25.00
_jQA 321.5 Amb
_M5
_UAVAILABLE
_y025939
_ZAnnex Low-Usage Collection
995 _aANNEX COLLECTION (Main Library)
_D0.00
_e727790
_FCBU-MAIN LIBRARY (Kitwe)
_H5
_I25.00
_jQA 321.5 Amb
_M3
_UAVAILABLE
_y025923
_ZAnnex Low-Usage Collection
995 _aANNEX COLLECTION (Main Library)
_D0.00
_e727791
_FCBU-MAIN LIBRARY (Kitwe)
_H3
_I25.00
_jQA 321.5 Amb
_M4
_UAVAILABLE
_y025924
_ZAnnex Low-Usage Collection
995 _aANNEX COLLECTION (Main Library)
_D0.00
_e727789
_FCBU-MAIN LIBRARY (Kitwe)
_H4
_I25.00
_jQA 321.5 Amb
_M1
_UAVAILABLE
_y025759
_ZAnnex Low-Usage Collection
995 _aANNEX COLLECTION (Main Library)
_D0.00
_e727788
_FCBU-MAIN LIBRARY (Kitwe)
_H1
_I25.00
_jQA 321.5 Amb
_M2
_UAVAILABLE
_y025760
_ZAnnex Low-Usage Collection
999 _c77275
_d77275